<?xml version="1.0" encoding="UTF-8"?>
<collection xmlns="http://www.loc.gov/MARC21/slim">
 <record>
  <leader>00460pamaa2200157   4500</leader>
  <controlfield tag="001">0000024147</controlfield>
  <controlfield tag="005">20070202090000.0</controlfield>
  <datafield tag="020" ind1="0" ind2="0">
   <subfield code="a">0201398451 </subfield>
  </datafield>
  <datafield tag="090" ind1="0" ind2="0">
   <subfield code="a">QA297 </subfield>
   <subfield code="b">PAR 1999</subfield>
  </datafield>
  <datafield tag="100" ind1="1" ind2="0">
   <subfield code="a">PART-ENANDER </subfield>
  </datafield>
  <datafield tag="245" ind1="1" ind2="4">
   <subfield code="a">The Matlab 5 : </subfield>
   <subfield code="b">handbook  </subfield>
   <subfield code="c">Eva Part-Enander and Anders Sjoberg.</subfield>
  </datafield>
  <datafield tag="260" ind1="0" ind2="0">
   <subfield code="a">Harlow: </subfield>
   <subfield code="b">Addison-Wesley, </subfield>
   <subfield code="c">1999.</subfield>
  </datafield>
  <datafield tag="300" ind1=" " ind2=" ">
   <subfield code="a">xv, 559p.: </subfield>
   <subfield code="b">ill.; </subfield>
   <subfield code="c">24cm.</subfield>
  </datafield>
  <datafield tag="650" ind1="0" ind2="0">
   <subfield code="a">Numerical analysis -- </subfield>
   <subfield code="x">data processing </subfield>
  </datafield>
  <datafield tag="650" ind1="0" ind2="0">
   <subfield code="a">Matlab </subfield>
  </datafield>
  <datafield tag="700" ind1="1" ind2="1">
   <subfield code="a">Sjoberg, </subfield>
   <subfield code="h">Anders </subfield>
  </datafield>
 </record>
</collection>
